Southville International School and Colleges
Your cart is empty.
  • Cart
  • Lists
    Public lists Eva Luna New books Lux_list list_1
    Your lists Log in to create your own lists
  • Log in to your account
  • Your cookies
  • Search history
Southville International School and Colleges
  • Advanced search
  • Recent comments
  • Most popular
  • Libraries

Log in to your account

Log in with GOOGLE


If you do not have an external account, but do have a local account, you can still log in:

  1. Home
  2. MARC view: Workbook: Harcourt Science.
Normal view MARC view ISBD view

Workbook: Harcourt Science. (Record no. 105041)

[ view plain ]
MARC details
000 -LEADER
fixed length control field 00510nam a2200169 a 4500
005 - DATE AND TIME OF LATEST TRANSACTION
control field 20140412111336.0
008 - FIXED-LENGTH DATA ELEMENTS--GENERAL INFORMATION
fixed length control field 040708s19uu xx 00 eng d
020 ## - INTERNATIONAL STANDARD BOOK NUMBER
International Standard Book Number 0-15-317891-4
050 ## - LIBRARY OF CONGRESS CALL NUMBER
Classification number TR(GS 507
Item number Wo89 2000
245 ## - TITLE STATEMENT
Title Workbook: Harcourt Science.
250 ## - EDITION STATEMENT
Edition statement California Edition/Teacher's Edition
260 ## - PUBLICATION, DISTRIBUTION, ETC. (IMPRINT)
Place of publication, distribution, etc Orlando, Florida :
Name of publisher, distributor, etc Harcourt, Inc,
Date of publication, distribution, etc 2000.
300 ## - PHYSICAL DESCRIPTION
Extent WB118p.; ill.
500 ## - GENERAL NOTE
General note Contains: Reproducible Student Pages
650 ## - SUBJECT ADDED ENTRY--TOPICAL TERM
Topical term or geographic name as entry element Science
General subdivision Study and teaching
Holdings
Withdrawn status Lost status Damaged status Use restrictions Home library Current library Shelving location Date acquired Source of acquisition Total Checkouts Full call number Barcode Date last seen Price effective from Koha item type
        Elizalde Library Elizalde Library Teachers Reference Section 07/08/2004     TR(GS 507 Wo89 2000 E9322 04/12/2014 04/12/2014 Books

Workbook: Harcourt Science.

APA

(2000). Workbook: Harcourt Science. Orlando, Florida: Harcourt, Inc.

Chicago

2000. Workbook: Harcourt Science. Orlando, Florida: Harcourt, Inc.

Harvard

(2000). Workbook: Harcourt Science. Orlando, Florida: Harcourt, Inc.

MLA

Workbook: Harcourt Science. Orlando, Florida: Harcourt, Inc. 2000.

  • Place hold
  • Print
  • Cite
  • Add to your cart (remove)
  • Save record
    BIBTEX Dublin Core MARCXML MARC (non-Unicode/MARC-8) MARC (Unicode/UTF-8) MARC (Unicode/UTF-8, Standard) MODS (XML) RIS
  • More searches
    Search for this title in:
    Other Libraries (WorldCat) Other Databases (Google Scholar) Online Stores (Bookfinder.com) Open Library (openlibrary.org)

Exporting to Dublin Core...

SOUTHVILLE LIBRARY

Southville International School and Colleges Library

1281 Tropical Ave. Cor. Luxembourg St., BF Homes International, Las Pinas City

Tel. No. 8256374 / 252358 Loc. 117/146

Powered by Koha